[Event "Regionalliga Nord 1718 (Women)"]
[Site "Germany"]
[Date "2017.10.15"]
[Round "1.2"]
[White "Schramm, Anna Lena"]
[Black "Birner, Lucy Jasmin"]
[Result "1-0"]
[WhiteElo "1474"]
[BlackElo "1685"]
[PlyCount "55"]
[EventDate "2017.10.15"]
[EventType "team-tourn"]
[EventRounds "5"]
[EventCountry "GER"]
[SourceTitle "CBM 183 Extra"]
[Source "ChessBase"]
[SourceDate "2018.04.19"]
[SourceVersion "1"]
[SourceVersionDate "2018.04.19"]
[SourceQuality "1"]
[WhiteTeam "Norderstedt Harksheide (W) II"]
[BlackTeam "Wilstermarsch (W)"]
[WhiteTeamCountry "GER"]
[BlackTeamCountry "GER"]

1. e4 e5 2. Nf3 Nc6 3. Bc4 Bc5 4. Nc3 Nf6 5. d3 h6 6. 0-0 0-0 7. Be3 Bb6 8. Na4 Bxe3 9. fxe3 d6 10. Nc3 Bg4 11. Ne2 d5 12. exd5 Nxd5 13. Qd2 Re8 14. e4 Nf6 15. Ng3 Bxf3 16. Rxf3 Qd4+ 17. Kh1 Qxb2 18. Raf1 Kh7 19. Nf5 Nd4 20. Nxd4 exd4 21. Bxf7 Rf8 22. Bb3 Rae8 23. Qf4 Qc3 24. Qf5+ Kh8 25. Qg6 Qc6 26. Rxf6 Rxf6 27. Rxf6 gxf6 28. Qxh6# 1-0

[Event "BL2 West 1314 (Women)"]
[Site "Germany"]
[Date "2014.02.16"]
[Round "5.5"]
[White "Schramm, Anna Lena"]
[Black "Knop, Karin"]
[Result "1/2-1/2"]
[WhiteElo "1434"]
[BlackElo "1396"]
[PlyCount "53"]
[EventDate "2013.11.30"]
[EventType "team-tourn"]
[EventRounds "7"]
[EventCountry "GER"]
[SourceTitle "EXT 2018"]
[Source "ChessBase"]
[SourceDate "2017.10.13"]
[SourceVersion "1"]
[SourceVersionDate "2017.10.13"]
[SourceQuality "1"]
[WhiteTeam "Norderstedt Harksheide (W)"]
[BlackTeam "Heiden (W)"]
[WhiteTeamCountry "GER"]
[BlackTeamCountry "GER"]

1. e4 e5 2. c4 d6 3. Nc3 Nf6 4. g3 Be6 5. d3 g6 6. Bg2 Bg7 7. Nf3 0-0 8. 0-0 c6 9. h3 Qd7 10. Ng5 a6 11. Nxe6 Qxe6 12. Be3 b5 13. b3 Rd8 14. Qd2 Nbd7 15. a4 b4 16. Ne2 a5 17. f3 d5 18. cxd5 cxd5 19. Rab1 d4 20. Bf2 Nc5 21. Nc1 Nfd7 22. f4 f6 23. f5 Qf7 24. fxg6 hxg6 25. g4 Kh7 26. h4 Rac8 27. g5 1/2-1/2

[Event "BL2 West 1314 (Women)"]
[Site "Germany"]
[Date "2014.01.26"]
[Round "3.4"]
[White "Schlueter, Sabrina"]
[Black "Schramm, Anna Lena"]
[Result "1-0"]
[WhiteElo "1815"]
[BlackElo "1434"]
[PlyCount "77"]
[EventDate "2013.11.30"]
[EventType "team-tourn"]
[EventRounds "7"]
[EventCountry "GER"]
[SourceTitle "EXT 2018"]
[Source "ChessBase"]
[SourceDate "2017.10.13"]
[SourceVersion "1"]
[SourceVersionDate "2017.10.13"]
[SourceQuality "1"]
[WhiteTeam "Kiel Doppelbauer (W)"]
[BlackTeam "Norderstedt Harksheide (W)"]
[WhiteTeamCountry "GER"]
[BlackTeamCountry "GER"]

1. e4 e5 2. Nf3 Nc6 3. Bb5 Bc5 4. 0-0 d6 5. d4 exd4 6. Nxd4 Nge7 7. Bg5 f6 8. Be3 a6 9. Nxc6 Nxc6 10. Bxc6+ bxc6 11. Bxc5 dxc5 12. Qh5+ g6 13. Qxc5 Qd6 14. Qe3 0-0 15. Nc3 Re8 16. Rad1 Qb4 17. b3 Bb7 18. Rd7 Re7 19. Rd4 Qa5 20. Rfd1 Qe5 21. Rd8+ Rxd8 22. Rxd8+ Re8 23. Rxe8+ Qxe8 24. Qd4 Qe7 25. Na4 Bc8 26. Nc5 Kg7 27. h3 Qd6 28. c3 Qf4 29. Nd3 Qd6 30. e5 fxe5 31. Nxe5 c5 32. Qe3 Bf5 33. Nc4 Qd1+ 34. Kh2 Qc2 35. Qe7+ Kh6 36. Qf8+ Kg5 37. h4+ Kxh4 38. Qh6+ Kg4 39. Ne3# 1-0

[Event "GER-chT U20 Girls"]
[Site "Osnabrueck"]
[Date "2013.12.30"]
[Round "7.4"]
[White "Schramm, Anna Lena"]
[Black "Kluge, Helene"]
[Result "1-0"]
[WhiteElo "1469"]
[BlackElo "1018"]
[PlyCount "71"]
[EventDate "2013.12.27"]
[EventType "team-swiss"]
[EventRounds "7"]
[EventCountry "GER"]
[SourceTitle "EXT 2015"]
[Source "ChessBase"]
[SourceDate "2014.11.20"]
[SourceVersion "1"]
[SourceVersionDate "2014.11.20"]
[SourceQuality "1"]
[WhiteTeam "Harksheide"]
[BlackTeam "Weissensee Chemie"]
[WhiteTeamCountry "GER"]
[BlackTeamCountry "GER"]

1. c4 e5 2. Nc3 Nf6 3. g3 Bc5 4. Bg2 Nc6 5. e3 d6 6. Nge2 0-0 7. 0-0 Bg4 8. h3 Bd7 9. d4 exd4 10. exd4 Bb6 11. Re1 Re8 12. Bg5 h6 13. Be3 Qc8 14. Kh2 Bf5 15. a3 a6 16. c5 dxc5 17. dxc5 Ba7 18. b4 Qd8 19. Qb3 Be6 20. Qc2 Qd7 21. Rad1 Qe7 22. Nf4 Bd7 23. Nfd5 Nxd5 24. Nxd5 Qd8 25. Nf4 Qc8 26. Nh5 Be6 27. Qc3 f6 28. Qd3 Bf7 29. Bd5 Bxd5 30. Qxd5+ Kh8 31. Bf4 Rg8 32. Qf7 Bb8 33. Bxh6 gxh6 34. Nxf6 Rg7 35. Re8+ Qxe8 36. Qxe8+ 1-0

[Event "GER-ch U25 op-B"]
[Site "Oberhof"]
[Date "2013.05.23"]
[Round "7"]
[White "Schramm, Anna Lena"]
[Black "Steiner, Maximilian"]
[Result "1/2-1/2"]
[WhiteElo "1420"]
[BlackElo "1195"]
[PlyCount "74"]
[EventDate "2013.05.19"]
[EventType "swiss"]
[EventRounds "9"]
[EventCountry "GER"]
[SourceTitle "CBM 154 Extra"]
[Source "ChessBase"]
[SourceDate "2013.06.25"]
[SourceVersion "2"]
[SourceVersionDate "2013.06.25"]
[SourceQuality "1"]

1. c4 Nf6 2. Nc3 e5 3. g3 Bb4 4. Bg2 0-0 5. e4 Nc6 6. Nf3 Bxc3 7. dxc3 Nxe4 8. 0-0 Nf6 9. Re1 d6 10. Qc2 Re8 11. Bg5 h6 12. Bd2 e4 13. Nd4 Nxd4 14. cxd4 d5 15. cxd5 Qxd5 16. Bc3 Bf5 17. h3 c5 18. Qa4 cxd4 19. Bxd4 Bd7 20. Qb4 a5 21. Qc3 Rac8 22. Qe3 Qe6 23. b3 Bc6 24. Qc3 Ra8 25. Qc2 Rad8 26. Bb6 Rd5 27. Rad1 Rxd1 28. Rxd1 Nd5 29. Bd4 e3 30. Re1 exf2+ 31. Bxf2 Qc8 32. Rxe8+ Qxe8 33. Qc5 Qd8 34. Be1 Qb6 35. Qxb6 Nxb6 36. Bxa5 Bxg2 37. Kxg2 Nd5 1/2-1/2

[Event "GER-ch U25 op-B"]
[Site "Oberhof"]
[Date "2013.05.19"]
[Round "2"]
[White "Schramm, Anna Lena"]
[Black "Pahl, Theis"]
[Result "1-0"]
[WhiteElo "1420"]
[BlackElo "839"]
[PlyCount "73"]
[EventDate "2013.05.19"]
[EventType "swiss"]
[EventRounds "9"]
[EventCountry "GER"]
[SourceTitle "CBM 154 Extra"]
[Source "ChessBase"]
[SourceDate "2013.06.25"]
[SourceVersion "2"]
[SourceVersionDate "2013.06.25"]
[SourceQuality "1"]

1. c4 Nf6 2. Nc3 e5 3. g3 g6 4. Bg2 Bg7 5. e4 0-0 6. Nf3 Nc6 7. 0-0 d6 8. d3 Nd4 9. Be3 c5 10. Nb5 Be6 11. Nbxd4 cxd4 12. Bd2 Rc8 13. b3 Qc7 14. Ng5 a6 15. Nxe6 fxe6 16. Bh3 Qe7 17. f4 b5 18. fxe5 dxe5 19. Rb1 Nh5 20. Qg4 Rce8 21. Bg5 Bf6 22. Bxf6 Rxf6 23. Rxf6 Qxf6 24. Rf1 Qe7 25. cxb5 axb5 26. Rc1 Nf6 27. Qg5 b4 28. Qxe5 h5 29. Qxd4 Ng4 30. Bxg4 hxg4 31. e5 Qg5 32. Rf1 Rc8 33. Qxb4 Qxe5 34. Qxg4 Kg7 35. Qf3 Rf8 36. Qxf8+ Kh7 37. Rf7+ 1-0

[Event "BL2 West 1213 (Women)"]
[Site "Germany"]
[Date "2013.03.10"]
[Round "7.4"]
[White "Molitor, Lisa"]
[Black "Schramm, Anna Lena"]
[Result "1-0"]
[WhiteElo "1725"]
[BlackElo "1420"]
[PlyCount "95"]
[EventDate "2012.10.06"]
[EventType "team-tourn"]
[EventRounds "7"]
[EventCountry "GER"]
[SourceTitle "EXT 2018"]
[Source "ChessBase"]
[SourceDate "2017.10.13"]
[SourceVersion "1"]
[SourceVersionDate "2017.10.13"]
[SourceQuality "1"]
[WhiteTeam "Krefeld Turm (W)"]
[BlackTeam "Harksheide (W)"]
[WhiteTeamCountry "GER"]
[BlackTeamCountry "GER"]

1. d4 d5 2. Nf3 Nf6 3. e3 Nc6 4. Nbd2 Bf5 5. a3 e6 6. c4 dxc4 7. Bxc4 Bd6 8. Qe2 e5 9. d5 Ne7 10. e4 Bg4 11. h3 Bd7 12. Bb5 0-0 13. Bxd7 Qxd7 14. 0-0 Ng6 15. Nc4 Rac8 16. Re1 Rfe8 17. Na5 Rb8 18. Qc4 Ne7 19. Bd2 c6 20. dxc6 Nxc6 21. Nxc6 bxc6 22. Bc3 Qc7 23. Rad1 Nd7 24. Qd3 Re6 25. Rd2 Nc5 26. Qc2 Nb7 27. Red1 Rd8 28. b4 Qe7 29. Qb2 f6 30. Qb3 Kh8 31. Qc4 c5 32. bxc5 Nxc5 33. Bb4 Nb7 34. Bxd6 Rexd6 35. Rxd6 Rxd6 36. Qc8+ Rd8 37. Rxd8+ Nxd8 38. Nh4 Kg8 39. Nf5 Qe8 40. Qc7 Nf7 41. Qxa7 g6 42. Ne7+ Kf8 43. Nd5 Qc6 44. Qc7 Qa6 45. Qe7+ Kg7 46. Nc7 Qc6 47. Ne6+ Kg8 48. Qf8# 1-0

[Event "BL2 West 1213 (Women)"]
[Site "Germany"]
[Date "2013.01.20"]
[Round "5.4"]
[White "Schramm, Anna Lena"]
[Black "Manusina, Nicole"]
[Result "0-1"]
[WhiteElo "1420"]
[BlackElo "1800"]
[PlyCount "84"]
[EventDate "2012.10.06"]
[EventType "team-tourn"]
[EventRounds "7"]
[EventCountry "GER"]
[SourceTitle "EXT 2018"]
[Source "ChessBase"]
[SourceDate "2017.10.13"]
[SourceVersion "1"]
[SourceVersionDate "2017.10.13"]
[SourceQuality "1"]
[WhiteTeam "Harksheide (W)"]
[BlackTeam "Lehrte (W)"]
[WhiteTeamCountry "GER"]
[BlackTeamCountry "GER"]

1. c4 e6 2. Nc3 Be7 3. g3 Nf6 4. Bg2 d5 5. cxd5 exd5 6. d4 c6 7. Nf3 0-0 8. 0-0 Bf5 9. Re1 Ne4 10. Nxe4 Bxe4 11. Ne5 Bxg2 12. Kxg2 Nd7 13. Qb3 Nxe5 14. dxe5 Qc7 15. Be3 b6 16. Rac1 Rac8 17. Qa4 c5 18. Qf4 Qb7 19. Kg1 d4 20. Bd2 Qd5 21. b3 f6 22. exf6 Rxf6 23. Qg4 Rcf8 24. Rf1 h5 25. Qh3 h4 26. Qg2 Qe6 27. Bg5 Rf5 28. Bxe7 Qxe7 29. Rc2 Qf6 30. Rd2 h3 31. Qxh3 Rxf2 32. Rdd1 Rxf1+ 33. Rxf1 Qxf1+ 34. Qxf1 Rxf1+ 35. Kxf1 Kf7 36. Kf2 Ke6 37. Kf3 Ke5 38. h4 b5 39. g4 c4 40. bxc4 bxc4 41. e3 d3 42. h5 c3 0-1

[Event "GER-chT Lands U20"]
[Site "Hannover"]
[Date "2012.10.03"]
[Round "7.8"]
[White "Schramm, Anna Lena"]
[Black "Halas, Julia"]
[Result "1/2-1/2"]
[WhiteElo "1308"]
[BlackElo "1446"]
[PlyCount "52"]
[EventDate "2012.09.29"]
[EventType "team-swiss"]
[EventRounds "7"]
[EventCountry "GER"]
[SourceTitle "CBM 150 Extra"]
[Source "ChessBase"]
[SourceDate "2012.10.19"]
[SourceVersion "1"]
[SourceVersionDate "2012.10.19"]
[SourceQuality "1"]
[WhiteTeam "Schleswig Holstein"]
[BlackTeam "Sachsen"]
[WhiteTeamCountry "GER"]
[BlackTeamCountry "GER"]

1. e4 e5 2. Bc4 Nf6 3. d3 Nc6 4. Nf3 Bc5 5. Bg5 d6 6. h3 Na5 7. Bb3 Nxb3 8. axb3 h6 9. Bh4 0-0 10. 0-0 c6 11. c3 Re8 12. Re1 Bb6 13. Nbd2 Re6 14. Nc4 Qc7 15. Nh2 d5 16. exd5 cxd5 17. Nd2 Bd7 18. Bg3 d4 19. Nc4 dxc3 20. bxc3 Rd8 21. d4 Nd5 22. Qd2 f6 23. dxe5 Qc6 24. exf6 Rxe1+ 25. Rxe1 Qxf6 26. Ne5 Be6 1/2-1/2

[Event "GER-chT Lands U20"]
[Site "Hannover"]
[Date "2012.10.01"]
[Round "5.8"]
[White "Liez, Tatjana"]
[Black "Schramm, Anna Lena"]
[Result "1-0"]
[WhiteElo "1532"]
[BlackElo "1308"]
[PlyCount "63"]
[EventDate "2012.09.29"]
[EventType "team-swiss"]
[EventRounds "7"]
[EventCountry "GER"]
[SourceTitle "CBM 150 Extra"]
[Source "ChessBase"]
[SourceDate "2012.10.19"]
[SourceVersion "1"]
[SourceVersionDate "2012.10.19"]
[SourceQuality "1"]
[WhiteTeam "Hessen II"]
[BlackTeam "Schleswig Holstein"]
[WhiteTeamCountry "GER"]
[BlackTeamCountry "GER"]

1. e4 e5 2. Nf3 Nc6 3. Bc4 Be7 4. d3 Nf6 5. Nc3 d6 6. h3 0-0 7. 0-0 Nd7 8. Be3 Re8 9. Qd2 Nf8 10. Rad1 Ne6 11. Ne2 Bf8 12. Bb3 Ne7 13. Nh2 d5 14. exd5 Nxd5 15. Nf3 Bd6 16. Bxd5 Nf8 17. Nc3 Qf6 18. Ne4 Qe7 19. Neg5 Ne6 20. Nxe6 Bxe6 21. Bxe6 Qxe6 22. a3 Qg6 23. Bg5 h6 24. Bh4 Re6 25. Rfe1 Qf5 26. Bg3 Rae8 27. Re4 h5 28. Rde1 f6 29. Qe2 Kf7 30. d4 g5 31. dxe5 Bc5 32. Qc4 1-0

[Event "GER-chT Lands U20"]
[Site "Hannover"]
[Date "2012.10.01"]
[Round "4.8"]
[White "Schramm, Anna Lena"]
[Black "Sadewasser, Lucie"]
[Result "1-0"]
[WhiteElo "1308"]
[BlackElo "1341"]
[PlyCount "31"]
[EventDate "2012.09.29"]
[EventType "team-swiss"]
[EventRounds "7"]
[EventCountry "GER"]
[SourceTitle "CBM 150 Extra"]
[Source "ChessBase"]
[SourceDate "2012.10.19"]
[SourceVersion "1"]
[SourceVersionDate "2012.10.19"]
[SourceQuality "1"]
[WhiteTeam "Schleswig Holstein"]
[BlackTeam "Mecklenburg Vorpommern"]
[WhiteTeamCountry "GER"]
[BlackTeamCountry "GER"]

1. e4 e5 2. Nf3 Nc6 3. Bb5 a6 4. Ba4 Nf6 5. 0-0 b5 6. Bb3 Bb7 7. d3 Bc5 8. Be3 Bxe3 9. fxe3 h6 10. Qe2 d6 11. Nh4 Na5 12. Qf3 Nxb3 13. axb3 Qd7 14. Nf5 Nh7 15. Nxg7+ Kf8 16. Nf5 1-0

[Event "GER-ch U25 op-B"]
[Site "Oberhof"]
[Date "2012.05.27"]
[Round "1"]
[White "Paulweber, Lara Maria"]
[Black "Schramm, Anna Lena"]
[Result "1/2-1/2"]
[WhiteElo "902"]
[BlackElo "1359"]
[PlyCount "103"]
[EventDate "2012.05.27"]
[EventType "swiss"]
[EventRounds "9"]
[EventCountry "GER"]
[SourceTitle "CBM 148 Extra"]
[Source "ChessBase"]
[SourceDate "2012.06.22"]
[SourceVersion "1"]
[SourceVersionDate "2012.06.22"]
[SourceQuality "1"]

1. d4 d5 2. Bf4 Nf6 3. Nf3 Nc6 4. e3 Bg4 5. h3 Bh5 6. Nbd2 e6 7. Bd3 Bd6 8. Bg3 0-0 9. c3 Re8 10. Qc2 Bg6 11. Bxg6 fxg6 12. Ne5 Nd7 13. Nxc6 bxc6 14. Bxd6 cxd6 15. h4 Nf6 16. Ke2 Qe7 17. Rag1 Qf7 18. g4 Rf8 19. Rg2 e5 20. f3 e4 21. fxe4 Nxe4 22. Nxe4 Qf3+ 23. Ke1 Qxe3+ 24. Re2 Qf3 25. Rg1 dxe4 26. Qxe4 Qh3 27. Qh1 Qd3 28. Qe4 Qh3 29. Qh1 Qd3 30. Qe4 Qc4 31. Qe6+ Qxe6 32. Rxe6 Rab8 33. Rg2 Rbd8 34. Rf2 c5 35. Rxf8+ Kxf8 36. dxc5 dxc5 37. Re2 Rd7 38. Rf2+ Ke7 39. Re2+ Kf6 40. Rd2 Re7+ 41. Re2 Rc7 42. Kd1 g5 43. h5 Rd7+ 44. Rd2 Rc7 45. Rf2+ Ke6 46. Rf5 h6 47. Kc2 Kd6 48. Kb3 Rb7+ 49. Kc2 Re7 50. Kd3 Kc6 51. a3 a5 52. Rf2 1/2-1/2

[Event "GER-chT U14 Girls"]
[Site "Arendsee"]
[Date "2011.12.29"]
[Round "5.2"]
[White "Schramm, Anna Lena"]
[Black "Krausse, Vanessa"]
[Result "1-0"]
[WhiteElo "1322"]
[BlackElo "1228"]
[PlyCount "47"]
[EventDate "2011.12.27"]
[EventType "team-swiss"]
[EventRounds "7"]
[EventCountry "GER"]
[SourceTitle "EXT 2022"]
[Source "ChessBase"]
[SourceDate "2021.10.06"]
[SourceVersion "1"]
[SourceVersionDate "2021.10.06"]
[SourceQuality "1"]
[WhiteTeam "Harksheide U14 Girls"]
[BlackTeam "Bad Hersfeld U14 Girls"]
[WhiteTeamCountry "GER"]
[BlackTeamCountry "GER"]

1. e4 c5 2. d4 cxd4 3. c3 dxc3 4. Nxc3 Nc6 5. Nf3 d6 6. Bc4 Nf6 7. e5 dxe5 8. Qxd8+ Nxd8 9. Nb5 Rb8 10. Nxe5 e6 11. 0-0 Bc5 12. Bf4 0-0 13. Nxf7 Rxf7 14. Bxb8 Nc6 15. Bf4 Ne4 16. Be3 Bxe3 17. fxe3 Rxf1+ 18. Rxf1 Nd2 19. Rc1 a6 20. Nd6 Na5 21. Bxa6 Bd7 22. Bb5 Bc6 23. Bxc6 bxc6 24. b4 1-0

[Event "GER-chT U14 Girls"]
[Site "Arendsee"]
[Date "2011.12.28"]
[Round "3.2"]
[White "Siegel, Aurelia"]
[Black "Schramm, Anna Lena"]
[Result "1/2-1/2"]
[WhiteElo "1085"]
[BlackElo "1322"]
[PlyCount "83"]
[EventDate "2011.12.27"]
[EventType "team-swiss"]
[EventRounds "7"]
[EventCountry "GER"]
[SourceTitle "EXT 2022"]
[Source "ChessBase"]
[SourceDate "2021.10.06"]
[SourceVersion "1"]
[SourceVersionDate "2021.10.06"]
[SourceQuality "1"]
[WhiteTeam "Porz SG U14 Girls"]
[BlackTeam "Harksheide U14 Girls"]
[WhiteTeamCountry "GER"]
[BlackTeamCountry "GER"]

1. e4 e5 2. Nf3 Nc6 3. d4 exd4 4. Nxd4 Bb4+ 5. c3 Bc5 6. Be3 Bb6 7. Bc4 Nge7 8. Nd2 d6 9. Qe2 Ne5 10. Bb3 Bg4 11. f3 Bh5 12. g4 Bg6 13. f4 Nd7 14. f5 Ne5 15. fxg6 N7xg6 16. 0-0-0 Qd7 17. Nc4 Nxg4 18. Nxb6 axb6 19. Nf5 Nxe3 20. Qxe3 Rg8 21. Bd5 0-0-0 22. Bb3 Ne5 23. Rhg1 g6 24. Nd4 Rgf8 25. Qf4 Rde8 26. Nf3 Nxf3 27. Qxf3 Qe7 28. Rge1 Qe5 29. Bxf7 Re7 30. Qg4+ Kb8 31. Bc4 Qxh2 32. Re2 Qh6+ 33. Kc2 Qg7 34. Rh1 h5 35. Qg5 Re5 36. Qh4 Qd7 37. Rg2 Qa4+ 38. Kd3 Rf3+ 39. Ke2 Rf8 40. Kd3 Rf3+ 41. Ke2 Rf8 42. Kd3 1/2-1/2

[Event "GER-ch U12"]
[Site "Oberhof"]
[Date "2010.05.26"]
[Round "6"]
[White "Wanner, Lukas"]
[Black "Schramm, Anna Lena"]
[Result "1-0"]
[WhiteElo "1309"]
[BlackElo "945"]
[PlyCount "113"]
[EventDate "2010.05.22"]
[EventType "swiss"]
[EventRounds "11"]
[EventCountry "GER"]
[SourceTitle "CBM 136 Extra"]
[Source "ChessBase"]
[SourceDate "2010.07.02"]
[SourceVersion "2"]
[SourceVersionDate "2010.07.15"]
[SourceQuality "1"]

1. e4 e5 2. Nf3 Nc6 3. Bb5 f6 4. d3 Bc5 5. c3 Nge7 6. Nbd2 d5 7. exd5 Nxd5 8. Bxc6+ bxc6 9. Nb3 Bd6 10. 0-0 0-0 11. Re1 Re8 12. Bd2 Bg4 13. h3 Bh5 14. Rc1 Nb6 15. c4 Bg6 16. c5 Bxd3 17. cxd6 cxd6 18. Be3 Bb5 19. Nbd2 d5 20. Nb3 d4 21. Bd2 Nc4 22. Qc2 Nd6 23. Nc5 Qb6 24. Bb4 a5 25. Ba3 Qc7 26. Qb3+ Kh8 27. Ne4 Nxe4 28. Rxe4 f5 29. Ree1 Rad8 30. Qxb5 d3 31. Qxc6 Qxc6 32. Rxc6 e4 33. Nd2 Kg8 34. Rc5 g6 35. Rxa5 Kg7 36. h4 Kh6 37. Rc5 Kh5 38. g3 h6 39. Kg2 g5 40. Rxf5 Rc8 41. Rc5 Kg4 42. Rxe4+ Kh5 43. hxg5 hxg5 44. Rxe8 Rxe8 45. Rd5 Kg4 46. Rxd3 Kf5 47. b4 Ke5 48. Bb2+ Ke6 49. b5 Ra8 50. a3 Ra5 51. b6 Rb5 52. Rb3 Rxb3 53. Nxb3 Kd7 54. Nc5+ Kc8 55. b7+ Kb8 56. Be5+ Ka7 57. b8Q# 1-0

[Event "GER-ch U12"]
[Site "Oberhof"]
[Date "2010.05.23"]
[Round "2"]
[White "Schramm, Anna Lena"]
[Black "Samietz, Jannick"]
[Result "0-1"]
[WhiteElo "945"]
[BlackElo "1362"]
[PlyCount "72"]
[EventDate "2010.05.22"]
[EventType "swiss"]
[EventRounds "11"]
[EventCountry "GER"]
[SourceTitle "CBM 136 Extra"]
[Source "ChessBase"]
[SourceDate "2010.07.02"]
[SourceVersion "2"]
[SourceVersionDate "2010.07.15"]
[SourceQuality "1"]

1. e4 Nc6 2. Nf3 e5 3. Bc4 Be7 4. Nc3 d6 5. d4 Bg4 6. dxe5 Nxe5 7. Be2 Nf6 8. Nxe5 Bxe2 9. Qxe2 dxe5 10. Qb5+ Qd7 11. Qxb7 0-0 12. Qb3 Rab8 13. Qc4 Rb4 14. Qe2 Qc6 15. f3 Rfb8 16. a3 Rc4 17. Be3 Rxb2 18. Nd5 Nxd5 19. exd5 Qxd5 20. 0-0 Rcxc2 21. Qf2 Rxf2 22. Rxf2 Rxf2 23. Bxf2 h6 24. Bxa7 Bc5+ 25. Bxc5 Qxc5+ 26. Kf1 Qc4+ 27. Kf2 Qd4+ 28. Kg3 Qxa1 29. Kg4 g6 30. f4 Qd4 31. g3 exf4 32. gxf4 g5 33. Kh5 Qxf4 34. Kxh6 g4+ 35. Kh5 f6 36. a4 Qg5# 0-1